| 000 | 00482nam a22001817a 4500 | ||
|---|---|---|---|
| 003 | NUST | ||
| 020 |
_a9694962234 _qH/B. |
||
| 038 | _awaseem | ||
| 082 |
_a891.421 _bJAV |
||
| 100 |
_aJaved, Inam-Ul-Haq _990362 |
||
| 245 |
_aSou Bata Sou / _cInam-Ul-Haq Javed |
||
| 260 |
_aIslamabad : _bDosti Publications, _c2003. |
||
| 300 | _a118 p. ; | ||
| 563 | _apbk. | ||
| 880 |
_6100-01\r _aانعام الحق جاوید |
||
| 880 |
_6245-02\r _aسَوبٹا سَو / |
||
| 942 |
_2ddc _cBK |
||
| 999 |
_c527585 _d527585 |
||